| 000 | 01535nam a2200385Ia 4500 | ||
|---|---|---|---|
| 001 | ebr10189007 | ||
| 003 | CaPaEBR | ||
| 006 | m u | ||
| 007 | cr cn||||||||| | ||
| 008 | 070103s2007 enka sb 001 0 eng d | ||
| 010 | _z 2007000086 | ||
| 020 | _z9781853599927 (hbk.) | ||
| 020 | _z1853599921 (hbk.) | ||
| 020 | _z9781853599910 (pbk.) | ||
| 020 | _z1853599913 (pbk.) | ||
| 020 | _z9781853599934 (ebook) | ||
| 020 | _z185359993X (ebook) | ||
| 040 |
_aCaPaEBR _cCaPaEBR |
||
| 035 | _a(OCoLC)648318141 | ||
| 050 | 1 | 4 |
_aLC3737.C6 _bB55 2007eb |
| 082 | 0 | 4 |
_a370.1170951 _222 |
| 245 | 0 | 0 |
_aBilingual education in China _h[electronic resource] : _bpractices, policies, and concepts / _cedited by Anwei Feng. |
| 260 |
_aClevedon : _bMultilingual Matters, _c2007. |
||
| 300 |
_axiv, 288 p. : _bill. |
||
| 490 | 1 |
_aBilingual education and bilingualism ; _v64 |
|
| 504 | _aIncludes bibliographical references and index. | ||
| 533 |
_aElectronic reproduction. _bPalo Alto, Calif. : _cebrary, _d2009. _nAvailable via World Wide Web. _nAccess may be limited to ebrary affiliated libraries. |
||
| 650 | 0 |
_aEducation, Bilingual _zChina _vCross-cultural studies. |
|
| 650 | 0 |
_aBilingualism _zChina _vCross-cultural studies. |
|
| 655 | 7 |
_aElectronic books. _2local |
|
| 700 | 1 |
_aFeng, Anwei, _d1954- |
|
| 710 | 2 | _aebrary, Inc. | |
| 830 | 0 |
_aBilingual education and bilingualism ; _v64. |
|
| 856 | 4 | 0 |
_uhttp://site.ebrary.com/lib/rucke/Doc?id=10189007 _zAn electronic book accessible through the World Wide Web; click to view |
| 999 |
_c233799 _d233799 |
||